000 00915nam a22002297a 4500
999 _c8845
_d8845
003 AR-CdUCM
008 190326b ||||| |||| 00| 0 spa d
020 _a978-612-305-098-6
040 _aMUNICIPALIDAD PROVINCIAL DEL CUSCO
_cBIBLIOTECA MUNICIPAL DEL CUSCO
082 _aPI-0003 /
_bWAT / per
100 _aWatanabe, José
_917790
245 _aPerro pintor y sus elefantes azules /
260 _aLima :
_bPeisa,
_c2017.
300 _a32 páginas ;
_bilustraciones a color,
_c21 cm.
500 _aHabía una vez un perro pintor que pintaba todo lo que encontraba a su paso. Cierto día halló un huevo de gallina en medio del campo. Sobre el cascarón blanco pintó un elefante azul y luego se fue.
650 _aCuentos infantiles peruanos
_93914
650 _aLibros infantiles
_924633
650 _aSiglo XX
_98
700 _aUmezaki, Leslie (Ilustraciones)
_924634
942 _2ddc
_cLIBROS
945 _araen